NHL POINT LEADERS BY TEAM 2024/25 - Statistics

General Stats
  • This quiz has been taken 140 times
    89 since last reset
  • The average score is 18 of 32
Answer Stats
TEAM POSITION PLAYER % Correct
BOS RW DAVID PASTRNAK
86%
EDM C CONNOR MCDAVID
85%
CHI C CONNOR BEDARD
83%
COL D CALE MAKAR
81%
LAK C ANZE KOPITAR
73%
NYR LW ARTEMI PANARIN
69%
TBL RW NIKITA KUCHEROV
69%
PIT C EVGENI MALKIN
68%
MTL RW/LW COLE CAUFIELD
65%
MIN LW KIRILL KAPRIZOV
65%
ANA RW TROY TERRY
64%
NSH LW FILIP FORSBERG
60%
VAN C/LW J.T. MILLER
60%
TOR LW/RW WILLIAM NYLANDER
59%
FLA RW SAM REINHART
58%
VGK RW MARK STONE
55%
UTA LW/RW CLAYTON KELLER
54%
WSH C DYLAN STROME
50%
OTT C TIM STUTZLE
49%
BUF RW ALEX TUCH
47%
DET RW/LW LUCAS RAYMOND
47%
WPG C MARK SCHEIFELE
47%
NYI D NOAH DOBSON
47%
CAR C MARTIN NECAS
44%
STL LW/RW JORDAN KYROU
40%
CGY D RASMUS ANDERSSON
37%
NJD LW/RW TIMO MEIER
37%
CBJ RW KIRILL MARCHENKO
36%
SJS C MIKAEL GRANLUND
32%
SEA LW/C JARED MCCANN
31%
PHI RW MATVEI MICHKOV
31%
DAL C/RW MATT DUCHENE
26%
No matching quizzes found
Score Distribution
Percent of People with Each Score
Percentile by Number Answered
Your Score History
You have not taken this quiz since the last reset